000 00664cab a2200229 4500
001 WB3201-07
008 090401t1996 xxu||||| |||| 00| 0 eng d
035 _a(Sirsi) u8362
041 _aeng
245 _aArch for sale
260 _c1996
350 _a0
490 _aDaily Telegraph
_v4 January 1996, 1&5(2)
520 _aThe MoD is intending to reduce its property portfolio by disposing of 18 of its 20 London buildings including Admiralty Arch.
650 _aDISPOSAL
650 _aMINSTRY OF DEFENCE
650 _aREDUNDANT BUILDINGS
650 _aSURPLUS PROPERTY
690 _aPROPERTY-COMMERCIAL PROPERTY
942 _n0
948 _c04/03/1997
999 _c5140
_d5140